|
|
|
|
| LEADER |
01647nam a2200373 a 4500 |
| 001 |
41256 |
| 003 |
BD-DhAAL |
| 008 |
230524t1988 nyua b 001 0 eng d |
| 010 |
|
|
|a 88015648
|
| 020 |
|
|
|a 067166963X
|
| 020 |
|
|
|a 0671669648
|
| 020 |
|
|
|a 9780671669645
|
| 040 |
|
|
|a DLC
|c DLC
|d DLC
|d BD-DhAAL
|
| 043 |
|
|
|a n-us---
|
| 050 |
0 |
0 |
|a HC106.8
|b .C86 1988
|
| 082 |
0 |
0 |
|a 338.973
|
| 110 |
2 |
|
|a Cuomo Commission on Trade and Competitiveness (N.Y.)
|9 54334
|
| 245 |
1 |
4 |
|a The Cuomo Commission report :
|b a new American formula for a strong economy /
|c by the Cuomo Commission on Trade and Competitiveness ; introduction by Mario M. Cuomo ; foreword by James D. Robinson III ; Lewis B. Kaden, chairman ; Lee Smith, editor.
|
| 260 |
|
|
|a New York :
|b Simon & Schuster,
|c c1988.
|
| 300 |
|
|
|a xxviii, 270 pages :
|b illustrations ;
|c 24 cm.
|
| 490 |
0 |
|
|a A Touchstone book
|
| 504 |
|
|
|a Includes bibliographical references (pages 202-216) and index.
|
| 541 |
|
|
|a Donated By Akbar Ali Khan
|e 41256
|
| 650 |
|
0 |
|a Competition, International.
|
| 650 |
|
0 |
|a Economics.
|
| 651 |
|
0 |
|a United States
|x Economic conditions
|y 1981-2001.
|
| 651 |
|
0 |
|a United States
|x Economic policy
|y 1981-1993.
|9 14466
|
| 700 |
1 |
|
|a Smith, Lee
|q (Lee Orr)
|9 54335
|
| 710 |
1 |
|
|a New York (State).
|b Governor (1983-1994 : Cuomo)
|9 54336
|
| 830 |
|
|
|a A Touchstone book
|9 54337
|
| 852 |
|
|
|a Ayesha Abed Library
|c Akbar Ali Khan Collection
|
| 942 |
|
|
|2 ddc
|c BK
|
| 999 |
|
|
|c 45803
|d 45803
|
| 952 |
|
|
|0 0
|1 0
|2 ddc
|4 0
|6 338_973000000000000_CUO
|7 1
|9 73685
|a BRACUL
|b BRACUL
|c AAKC
|d 2023-05-24
|e Donated By Akbar Ali Khan
|g 1072.00
|l 0
|o 338.973 CUO
|p 3010041256
|r 2023-05-24
|t 1
|w 2023-05-24
|y BK
|x USD 9.95
|